000 00715nam a22002177a 4500
005 20160802122844.0
010 _aENG-115617
020 _a9789351437468
_c250.00
035 _aEN-99149
037 _bDBAD/PUB
082 _a346.54066
100 _aOberoi,Ankit
245 _aCorporate and allied laws :
_cby Oberoi,Ankit ;edited by Eesha Narang
_bCA Final Group I, Paper 4 /
250 _a2nd ed.
260 _aGurgaon
_bLexis Nexis
_c2016
270 _a14th Floor, Building No.10, Tower-B, DLF Cyber City, Phase-II
_bGurgaon
_e122002
300 _aVarious Pagings
_c28cm(pbk)
500 _aIncludes Supplementary Module
700 _aNarang,Eesha
942 _2ddc
_cEN
_mOBE
_h346.54066
999 _c101733
_d101733